| 000 | 00325nam a2200121Ia 4500 | ||
|---|---|---|---|
| 008 | 210430s9999 xx 000 0 und d | ||
| 082 | _a301 T422 B | ||
| 100 | _aAlex Thio | ||
| 245 | 2 |
_aA brief introduction sociology _cAlex Thio |
|
| 260 |
_aIslamabad _bNational Book Foundation _c1991 |
||
| 300 | _a443p. | ||
| 942 |
_cBK _2ddc |
||
| 999 |
_c563277 _d563277 |
||